000 00327 a2200145 4500
001 153766
040 _cEscola São Tomás de Aquino
100 _aJUNQUEIRA, Sonia
240 1 0 _aO macaco e a mola
_lpor
245 1 0 _aO macaco e a mola
362 0 _a2006
440 1 _aÁtica
697 _a*LITERATURA INFANTIL
942 _cBK
999 _c153766
_d153766